• 首页
  • 本馆介绍
  • 公告通知
  • 最新文献
  • 馆藏检索
  • 电子资源
  • 读者导购
  • 参考咨询
  • 我的图书馆
  • 登录
  • 详细信息显示
  • 放入我的书架
  • 预约/预借图书
  • 作者相关作品
  • 分类相关作品
  • 丛书相关作品
  • 出版社相关作品

书目信息

  • 表格格式
  • 工作单格式
  • 卡片格式
题名:
小学生心理辅导
    
 
作者: 孙义农 主编
分册:  
出版信息: 杭州   浙江大学出版社  2003
页数: 299页
开本: 20cm
丛书名:
单 册:
中图分类: B3
科图分类:
主题词: 小学生--心理卫生--教学参考资料 , 小学生 , 心理卫生 , 哲学--亚洲
电子资源:
ISBN: 7-308-03406-2
000 00814nam0 2200253 450
001 1256687093
005 20151111114329.45
010    @a7-308-03406-2@dCNY18.00
100    @a20030927d2003 em y0chiy50 ea
101 0  @achi
102    @aCN@b330000
105    @ay z 000yy
200 1  @a小学生心理辅导@Axiao xue sheng xin li fu dao@f孙义农主编
210    @a杭州@c浙江大学出版社@d2003
215    @a299页@d20cm
330    @a本书细致地论述了心理辅导概论,学校心理辅导的基本理论,小学生心理发展的基本特点,个别心理辅导中的关系与原则,小学生心理障碍的识别与处理等内容。
606 0  @a小学生@x心理卫生@j教学参考资料
606 0  @a小学生
606 0  @a心理卫生
606 0  @a哲学@x亚洲
690    @aB3@v4
701  0 @a孙义农@Asun yi nong@c(心理学)@4主编
801  0 @aCN@bNLC@c20101222
905    @a10447@dB3@eJY60
    
    小学生心理辅导/孙义农主编.-杭州:浙江大学出版社,2003
    299页;20cm
    
    
    ISBN 7-308-03406-2:CNY18.00
    本书细致地论述了心理辅导概论,学校心理辅导的基本理论,小学生心理发展的基本特点,个别心理辅导中的关系与原则,小学生心理障碍的识别与处理等内容。
●
相关链接 在E读中查询图书 在五车中查询图书 在当当中查询图书 在豆瓣中查询图书


正题名:小学生心理辅导     索取号:B3/JY60         预约/预借

序号 登录号 条形码 馆藏地/架位号 状态 备注
1 7806204   278062043   学院路分馆/ [索取号:B3/JY60] 在馆    
2 7806205   278062052   学院路分馆/ [索取号:B3/JY60] 在馆    
唐山师范学院图书馆 欢迎您!
大连网信软件有限公司© 版权所有